000
00193nam a2200085Ia 4500
008
170617s9999 xx 000 0 und d
100
_a
Rao Devala
245
0
_a
Pharmaceutical Analysis
260
_b
Birla Pub
260
_c
2005
999
_c
15146
_d
15146